| 000 | 00677nam a22002057a 4500 | ||
|---|---|---|---|
| 005 | 20170721114324.0 | ||
| 010 | _aENG-119270 | ||
| 020 |
_a9788173719592 _c550.00 |
||
| 035 | _aEN-102802 | ||
| 037 | _bDBAD/PUB | ||
| 082 | _a629.04 | ||
| 100 | _aVenkatramaiah,C. | ||
| 245 |
_aTransporation engineering / _cby C. Venkatramaiah |
||
| 260 |
_aHyderabad _bAmerican Mathematical Society _c2016 |
||
| 270 |
_aDistributed by-Universties Press,3-6-747/1/A & 3-6 754/1,Himayatnagar _bHyderabad (Telagana) _e500029 |
||
| 300 |
_axii,672p. : _c25cm(pbk) _bill |
||
| 500 | _aIncludes Index | ||
| 505 | _avol-I-Highway engineering | ||
| 942 |
_2ddc _cEN _h629.04 _mVEN |
||
| 999 |
_c101247 _d101247 |
||